000
00312nam a2200121Ia 4500
008
220204s9999 xx 000 0 und d
082
_a
635.91.074
_b
CRO
100
_a
CROCKETT, Underwood
245
0
_a
Foliage house plants.
260
_a
Virginia
_b
Time Life Books
_c
1972
650
_a
Foliage plants
942
_c
BK
999
_c
35539
_d
35539